000 00575nam a2200193Ia 4500
005 20250508152133.0
008 008 250505s9999 xx 000 0 eng d
037 _aTextual
040 _aFEDL
_beng
_cFEDL
041 _aeng
_2eng
084 _a375.78, AND
_qFEDL
100 _aAndrews Frances M
_9760842
245 0 _aGuiding junior-high-school pupils in music experiences
260 _aNew York, USA
_bPrentice - Hall, Inc
_c1955
300 _axi,372p
700 _a Leeder Joseph A
_9760843
942 _cTEXL
_h375.78, AND
999 _c1334503
_d1334503